|
|
|
|
| LEADER |
00702nab a2200217 i 4500 |
| 001 |
publ20013 |
| 005 |
20201209113322.0 |
| 008 |
201209s2016 hu o 0|| zxx d |
| 020 |
|
|
|a 9783319336923
|
| 022 |
|
|
|a 0302-9743
|
| 024 |
7 |
|
|a 10.1007/978-3-319-33693-0_27
|2 doi
|
| 024 |
7 |
|
|a 3176592
|2 mtmt
|
| 040 |
|
|
|a SZTE Publicatio Repozitórium
|b hun
|
| 041 |
|
|
|a zxx
|
| 100 |
1 |
|
|a Hodován Renáta
|
| 245 |
1 |
0 |
|a Fuzzing JavaScript Engine APIs
|h [elektronikus dokumentum] /
|c Hodován Renáta
|
| 260 |
|
|
|c 2016
|
| 300 |
|
|
|a 425-438
|
| 490 |
0 |
|
|a LECTURE NOTES IN COMPUTER SCIENCE
|v 9681
|
| 700 |
0 |
1 |
|a Kiss Ákos
|e aut
|
| 856 |
4 |
0 |
|u http://publicatio.bibl.u-szeged.hu/20013/1/hodovan2016fuzzing.pdf
|z Dokumentum-elérés
|